| 000 | 00824nam a2200217Ia 4500 | ||
|---|---|---|---|
| 001 | 16773 | ||
| 005 | 20260311173656.0 | ||
| 008 | 260306t2019||||xx |||||||||||||| ||und|| | ||
| 041 | _aESP | ||
| 082 |
_a657 _bC46 |
||
| 100 |
_aCelaya Figueroa, Roberto _eAUT |
||
| 245 | 0 | _aContabilidad básica | |
| 260 | _c2019 | ||
| 300 |
_axxii, 242 páginas : _c27 cm. |
||
| 650 | _aGEN | ||
| 654 | _aCCO | ||
| 856 |
_uhttps://itmsp.museknowledge.com/UCSP?url=https://www.ebooks7-24.com:443/?il=9533&pg=1 _zVersión digital |
||
| 856 |
_uhttps://0u213s3uy-y-https-ebooks7--24-com.itmsp.museknowledge.com/biblioteca.aspx?t=DAFD4E77-3125-4E71-9339-9FF5B2F93EB3 _zVéase además: Base de datos Ebook7-24 |
||
| 856 |
_uhttps://legal.legis.com.pe/home/Corporativo _zVéase además: Base de datos Multilegis |
||
| 942 |
_cLIB _dJUS _fJUS _2ddc |
||
| 999 |
_c16773 _d16773 |
||